000 00208 a2200097 4500
001 31351
100 _aHaines, Steven
245 _aJava 2 from scratch
260 _aNew Delhi
_bPHI
_c
090 _c21243
_d21243
942 _aNUST-CAE
_cM
_c12496
999 _c266424
_d266424